000 00190nam a2200085Ia 4500
008 120527s9999 xx 000 0 und d
100 _aPinto, james
245 _aWhat is Economics
942 _cBK
999 _c27090
_d27090